Cánovas, su pasado, su presente, su porvenir : (Record no. 164836)
[ view plain ]
| 000 -LEADER | |
|---|---|
| campo de control de longitud fija | 00812nam a22002055i 4500 |
| 001 - NÚMERO DE CONTROL | |
| campo de control | 164836 |
| 003 - IDENTIFICADOR DE NÚMERO DE CONTROL | |
| campo de control | ES-MaACL |
| 005 - FECHA Y HORA DE LA ÚLTIMA TRANSACCIÓN | |
| campo de control | 20230906213022.0 |
| 008 - DATOS DE LONGITUD FIJA--INFORMACIÓN GENERAL | |
| campo de control de longitud fija | 950206s1880 sp |||| | spa d |
| 100 1# - ENTRADA PRINCIPAL--NOMBRE DE PERSONA | |
| Nombre de persona | Gómez-Díez, José. |
| 9 (RLIN) | 172722 |
| 245 10 - MENCIÓN DEL TÍTULO | |
| Título | Cánovas, su pasado, su presente, su porvenir : |
| Resto del título | boceto histórico / |
| Mención de responsabilidad, etc. | por Saurín. |
| 260 ## - PUBLICACIÓN, DISTRIBUCIÓN, ETC. | |
| Lugar de publicación, distribución, etc. | Madrid : |
| Nombre del editor, distribuidor, etc. | [s.n.], |
| Fecha de publicación, distribución, etc. | 1880 ( |
| Fabricante | Tip. Correspondencia Ilustrada, a cargo de Eduardo Lluch) |
| 300 ## - DESCRIPCIÓN FÍSICA | |
| Extensión | 212 p. ; |
| Dimensiones | 18 cm. |
| 530 ## - NOTA DISPONIBLE DE FORMULARIO FÍSICO ADICIONAL | |
| Nota de formato físico adicional disponible | Disponible en formato digital. |
| 594 ## - Nota al título y mención de responsabilidad | |
| Nota al título y mención de responsabilidad | Saurín: seud. de José Gómez-Díez. |
| 600 14 - PUNTO DE ACCESO ADICIONAL DE MATERIA--NOMBRE DE PERSONA | |
| Nombre de persona | Cánovas del Castillo, Antonio, |
| Fechas asociadas al nombre | 1828-1897- |
| Subdivisión general | Biografías |
| 9 (RLIN) | 172706 |
| 852 ## - LOCALIZACIÓN | |
| Ubicación | ES-MaACL |
| Número de control de estantería | D-2445 |
| 856 ## - LOCALIZACIÓN Y ACCESO ELECTRÓNICOS | |
| Identificador Uniforme de Recursos | <a href="http://bdh-rd.bne.es/viewer.vm?id=0000141063&page=1 ">http://bdh-rd.bne.es/viewer.vm?id=0000141063&page=1 </a> |
| Nota pública | Biblioteca Digital Hispánica |
| Estatus retirado | Estado de pérdida | Estado de daño | No para préstamo | Colección | Biblioteca de origen | Biblioteca actual | Ubicación en estantería | Fecha de adquisición | Fuente de adquisición | Total de préstamos | Signatura topográfica completa | Código de barras | Visto por última vez | Precio de reemplazo | Tipo de ítem Koha |
|---|---|---|---|---|---|---|---|---|---|---|---|---|---|---|---|
| Colección digital | Biblioteca del Ateneo de Madrid | Biblioteca del Ateneo de Madrid | Sala Valle Inclán | 17/01/2008 | D-2445 | 901172796 | 23/02/2023 | 23/02/2023 | Libro impreso antiguo |
